Campeones UEFA Champions league muerte subita - Estadísticas

Estadísticas generales
  • Esta prueba ha sido intentada 282 veces
    255 desde el último reinicio
  • La puntuación promedio es 12 de 18
Answers on the Grid
Answers color-coded by a green-red scale on the quiz's grid according to % correct below.
CSKA Moscú
Borussia Dortmund
Napoles
Juventus
Milan
Inter de Milán
Arsenal
Benfica
Celtic
PSG
Feyenoord
Ayax
Nottingham Forrest
Queen’s Park Rangers
Aston Villa
Hamburgo
Oporto
Bayer Leverkusen
PSV Eindhoven
Estrella Roja
Olympique de Marsella
Dinamo de Zagreb
Spartak de Moscu
Fiorentina
Rangers
Bayern Munich
Steaua de Bucarest
Atletico de Madrid
Chelsea
Olympique de Lyon
 
Estadísticas de respuestas
Respuesta % Correcto
Bayern Munich
79%
Ayax
78%
Milan
77%
Juventus
75%
Inter de Milán
74%
Benfica
70%
Chelsea
70%
Nottingham Forrest
70%
Oporto
69%
Aston Villa
68%
Estrella Roja
68%
Celtic
67%
Borussia Dortmund
65%
Olympique de Marsella
65%
PSV Eindhoven
62%
Steaua de Bucarest
62%
Feyenoord
56%
Hamburgo
56%
No se encontraron pruebas coincidentes
Distribución de puntuación
Porcentaje de gente con cada puntuación
Porcentaje por número respondido
Historial de tus puntuaciones
No has intentado esta prueba desde el último reinicio